[Event "2BLS 1819 FB Mörlenbach-Birkenau - SC "]
[Site "?"]
[Date "2019.02.03"]
[Round "6.1"]
[White "Noe, Christopher"]
[Black "Danin, Alexandre"]
[Result "1/2-1/2"]
[WhiteElo "2531"]
[BlackElo "2522"]
[PlyCount "33"]
[EventDate "2019.??.??"]

1. d4 d5 2. c4 c6 3. Nc3 Nf6 4. e3 g6 5. Nf3 Bg7 6. Bd3 O-O 7. O-O Bg4 8. h3
Bxf3 9. Qxf3 dxc4 10. Bxc4 Nbd7 11. Rd1 e5 12. dxe5 Nxe5 13. Qe2 Qe7 14. Bb3
Rad8 15. e4 Rxd1+ 16. Bxd1 Rd8 17. Bc2 1/2-1/2

[Event "2BLS 1819 FB Mörlenbach-Birkenau - SC "]
[Site "?"]
[Date "2019.02.03"]
[Round "6.2"]
[White "Kunin, Vitaly"]
[Black "Mesaros, Florian"]
[Result "1/2-1/2"]
[WhiteElo "2544"]
[BlackElo "2442"]
[PlyCount "59"]
[EventDate "2019.??.??"]

1. d4 Nf6 2. c4 e6 3. Nf3 d5 4. Nc3 Bb4 5. Bd2 c5 6. a3 Bxc3 7. Bxc3 Ne4 8. e3
Nxc3 9. bxc3 O-O 10. Bd3 b6 11. O-O Nd7 12. Qc2 g6 13. Rfd1 Bb7 14. Qe2 Rc8 15.
Rac1 dxc4 16. Bxc4 Qe7 17. a4 Rc7 18. Ba6 Bd5 19. Ra1 Nf6 20. Nd2 Ne4 21. Nxe4
Bxe4 22. f3 Bb7 23. Bxb7 Rxb7 24. a5 cxd4 25. cxd4 Rfb8 26. axb6 Rxb6 27. Ra2
Rb1 28. Qc2 R1b3 29. e4 a5 30. Qc5 1/2-1/2

[Event "2BLS 1819 FB Mörlenbach-Birkenau - SC "]
[Site "?"]
[Date "2019.02.03"]
[Round "6.3"]
[White "Medvegy, Zoltan"]
[Black "Galdunts, Sergey"]
[Result "1-0"]
[WhiteElo "2544"]
[BlackElo "2415"]
[PlyCount "101"]
[EventDate "2019.??.??"]

1. Nf3 Nf6 2. c4 e6 3. g3 d5 4. Bg2 c5 5. cxd5 exd5 6. d4 Nc6 7. O-O Be7 8.
dxc5 Bxc5 9. a3 a5 10. Bg5 O-O 11. Nc3 d4 12. Ne4 Be7 13. Bxf6 Bxf6 14. Ne1 Be7
15. Nd3 Qb6 16. Rc1 a4 17. Nd2 Rd8 18. Rc4 Na5 19. Rc2 Be6 20. Nf4 Bf5 21. Be4
Bxe4 22. Nxe4 g5 23. Nd3 Nb3 24. Nd2 Rac8 25. Nxb3 axb3 26. Rc1 Qe6 27. Qd2 Rc6
28. Nb4 Rb6 29. Rc7 Kg7 30. Rfc1 Rb5 31. Nd3 Bd6 32. R7c5 Rxc5 33. Nxc5 Qd5 34.
Nxb3 Bf4 35. gxf4 Qxb3 36. fxg5 d3 37. exd3 Rxd3 38. Rc3 Qd1+ 39. Qxd1 Rxd1+
40. Kg2 Rd5 41. h4 h6 42. gxh6+ Kxh6 43. Rc7 Rb5 44. b4 f6 45. Kg3 Kg6 46. Kg4
Rd5 47. h5+ Rxh5 48. Rg7+ Kxg7 49. Kxh5 b5 50. Kg4 Kg6 51. Kf4 1-0

[Event "2BLS 1819 FB Mörlenbach-Birkenau - SC "]
[Site "?"]
[Date "2019.02.03"]
[Round "6.4"]
[White "Dittmar, Peter"]
[Black "Guliyev, Namig"]
[Result "0-1"]
[WhiteElo "2226"]
[BlackElo "2533"]
[PlyCount "106"]
[EventDate "2019.??.??"]

1. Nf3 d5 2. e3 Nf6 3. c4 dxc4 4. Bxc4 e6 5. O-O a6 6. d4 Nbd7 7. a4 b6 8. Nc3
Bb7 9. Qe2 Bb4 10. Rd1 O-O 11. Bd2 Qe7 12. Be1 Bd6 13. e4 e5 14. d5 Nh5 15. g3
g6 16. Bd2 Kh8 17. Qe3 f5 18. exf5 gxf5 19. Qh6 Nhf6 20. Nh4 Qf7 21. Be2 f4 22.
Nf5 Bc5 23. gxf4 Rg8+ 24. Kf1 Rg6 25. fxe5 Rxh6 26. Nxh6 Qg6 27. exf6 Nxf6 28.
Bf4 Bd6 29. Bg5 Rf8 30. h4 Bc8 31. Rd4 Be5 32. Rc4 b5 33. axb5 axb5 34. Rc6 b4
35. Nd1 Qe4 36. Ke1 Qh1+ 37. Bf1 Bh3 38. Ne3 Bxf1 39. Rxf6 Bg2+ 40. Kd2 Bxf6
41. Bxf6+ Rxf6 42. Ra8+ Kg7 43. Rg8+ Kxh6 44. Ng4+ Kh5 45. Nxf6+ Kxh4 46. Rg4+
Kh3 47. Rg3+ Kh2 48. Ng4+ Kg1 49. Ke1 h5 50. Ne3 h4 51. Rg5 Kh2+ 52. Ke2 Bf3+
53. Kd2 Qb1 0-1

[Event "2BLS 1819 FB Mörlenbach-Birkenau - SC "]
[Site "?"]
[Date "2019.02.03"]
[Round "6.5"]
[White "Ruck, Robert"]
[Black "Legde, Georg"]
[Result "1-0"]
[WhiteElo "2513"]
[BlackElo "2318"]
[PlyCount "81"]
[EventDate "2019.??.??"]

1. Nf3 Nf6 2. c4 b6 3. g3 Bb7 4. Bg2 e6 5. Nc3 Be7 6. O-O O-O 7. Re1 c5 8. e4
d6 9. d4 cxd4 10. Nxd4 Qc8 11. Be3 Nbd7 12. f4 Re8 13. Rc1 a6 14. Bf2 g6 15. e5
dxe5 16. fxe5 Nh5 17. Qe2 Bxg2 18. Kxg2 Qb7+ 19. Nf3 Rad8 20. Rcd1 Qc6 21. Ne4
Nc5 22. Bxc5 Bxc5 23. b3 Qc7 24. Nxc5 Qxc5 25. Rd2 Ng7 26. g4 Qe7 27. Red1 Rxd2
28. Qxd2 f5 29. exf6 Qxf6 30. Qg5 Qc3 31. Qe5 Qxe5 32. Nxe5 b5 33. c5 Rc8 34.
c6 Ne8 35. g5 Nc7 36. Rd7 Nd5 37. Kf3 Rc7 38. Rd8+ Kg7 39. Ke4 b4 40. Kd4 Nc3
41. Kc5 1-0

[Event "2BLS 1819 FB Mörlenbach-Birkenau - SC "]
[Site "?"]
[Date "2019.02.03"]
[Round "6.6"]
[White "Boehmer, Christian"]
[Black "Bilchinski, Anton"]
[Result "1/2-1/2"]
[WhiteElo "2163"]
[BlackElo "2318"]
[PlyCount "24"]
[EventDate "2019.??.??"]

1. d4 f5 2. Bg5 d5 3. e3 c6 4. Nd2 Qb6 5. Bd3 e6 6. Ngf3 Nd7 7. c4 Ngf6 8. cxd5
cxd5 9. O-O Bd6 10. a4 Ne4 11. Nb3 O-O 12. Bf4 h6 1/2-1/2

[Event "2BLS 1819 FB Mörlenbach-Birkenau - SC "]
[Site "?"]
[Date "2019.02.03"]
[Round "6.7"]
[White "Hacker, Jonas"]
[Black "Felgendreher, Heiko"]
[Result "1-0"]
[WhiteElo "2372"]
[BlackElo "2217"]
[PlyCount "93"]
[EventDate "2019.??.??"]

1. e4 c5 2. Nf3 d6 3. d4 cxd4 4. Nxd4 Nf6 5. f3 e5 6. Nb3 a5 7. Bb5+ Nc6 8. Nc3
Be7 9. Be3 O-O 10. Qd2 Na7 11. Be2 Nc6 12. Na4 Nd7 13. c4 b6 14. O-O Nc5 15.
Nc3 a4 16. Nc1 Ne6 17. Qd1 Bg5 18. Bf2 Ncd4 19. Bd3 Bd7 20. N1e2 g6 21. Nxd4
Nxd4 22. Bc2 Qc7 23. Bxd4 exd4 24. Qxd4 Qc5 25. Qxc5 bxc5 26. Nd5 Rfb8 27. b3
Ra7 28. Rab1 axb3 29. Bxb3 Bc6 30. Rfe1 Rab7 31. Rbd1 Ra8 32. Rd3 Ba4 33. f4
Bh6 34. f5 Bc6 35. Nf6+ Kg7 36. Rxd6 Rc7 37. Nd5 Bxd5 38. f6+ Kf8 39. exd5 Bf4
40. Rb6 Re8 41. Rxe8+ Kxe8 42. Ba4+ Kd8 43. d6 Rc8 44. Bb5 Be5 45. Rb7 Bxf6 46.
Rxf7 Ba1 47. Rf8# 1-0

[Event "2BLS 1819 FB Mörlenbach-Birkenau - SC "]
[Site "?"]
[Date "2019.02.03"]
[Round "6.8"]
[White "Klings, Peter"]
[Black "Mann, Christian"]
[Result "0-1"]
[WhiteElo "2093"]
[BlackElo "2401"]
[PlyCount "126"]
[EventDate "2019.??.??"]

1. Nf3 d5 2. e3 Nf6 3. c4 e6 4. b3 Be7 5. Bb2 O-O 6. Nc3 b6 7. Be2 Bb7 8. O-O
dxc4 9. Bxc4 c5 10. Qe2 Nc6 11. Rfd1 Na5 12. Ba6 Bxa6 13. Qxa6 Qc8 14. Qe2 c4
15. Rdc1 cxb3 16. Nb5 Qd8 17. Nfd4 bxa2 18. Rxa2 Rc8 19. Rxc8 Qxc8 20. Nxa7 Qd7
21. Nab5 Rc8 22. f4 Ne4 23. Nc3 Nxc3 24. Bxc3 Bf6 25. Qa6 Nc4 26. Kf2 h6 27.
Qa4 Qd5 28. Qa6 Qd8 29. Qb7 Nd6 30. Qf3 Bxd4 31. Bxd4 Nf5 32. Bc3 Qh4+ 33. Kg1
Qe1+ 34. Qf1 Qxf1+ 35. Kxf1 Nxe3+ 36. dxe3 Rxc3 37. Rb2 Rc6 38. Kf2 Kf8 39. Kf3
Ke7 40. g4 Kd7 41. h4 Kc7 42. h5 Rc5 43. Ra2 Kb7 44. Rg2 f6 45. Rd2 Rd5 46. Rb2
b5 47. Rb3 Kb6 48. e4 Rd4 49. g5 hxg5 50. fxg5 fxg5 51. Re3 Rd1 52. Rc3 Rh1 53.
Kg4 Rg1+ 54. Kf3 e5 55. Rc8 g4+ 56. Kf2 Rh1 57. Rh8 Rh3 58. Rh7 b4 59. Ke2 b3
60. Kd2 Rh2+ 61. Kc1 g3 62. Rxg7 g2 63. h6 Rh1+ 0-1

[Event "2BLS 1819 SC Heusenstamm - SV Griesheim"]
[Site "?"]
[Date "2019.02.03"]
[Round "6.1"]
[White "Jarmula, Lukasz"]
[Black "Sadzikowski, Daniel"]
[Result "1-0"]
[WhiteElo "2491"]
[BlackElo "2534"]
[PlyCount "91"]
[EventDate "2019.??.??"]

1. d4 Nf6 2. c4 e6 3. Nf3 d5 4. g3 Bb4+ 5. Bd2 Be7 6. Bg2 O-O 7. O-O Nbd7 8.
Qc2 c6 9. Bf4 b6 10. cxd5 cxd5 11. Rc1 Bb7 12. Nc3 a6 13. Na4 Rc8 14. Bc7 Qe8
15. Qb3 b5 16. Nb6 Nxb6 17. Bxb6 Nd7 18. Ba5 Bd6 19. e3 Qe7 20. Ne1 Rc4 21. Qd1
Rfc8 22. Nd3 Bc7 23. Qe1 Bxa5 24. Qxa5 Qd6 25. a4 Rxc1+ 26. Rxc1 Rxc1+ 27. Nxc1
Nb6 28. axb5 Nc4 29. Qa1 axb5 30. b3 Qa3 31. Qxa3 Nxa3 32. Bf1 f6 33. Bd3 e5
34. Kf1 Kf7 35. Ke1 e4 36. Bf1 Ke6 37. Na2 b4 38. Nxb4 Kd6 39. Kd2 Kc7 40. Kc3
Kb6 41. Kb2 Nb5 42. Bxb5 Kxb5 43. Ka3 Ka5 44. Na2 Bc8 45. Nc3 Be6 46. b4+ 1-0

[Event "2BLS 1819 SC Heusenstamm - SV Griesheim"]
[Site "?"]
[Date "2019.02.03"]
[Round "6.2"]
[White "Poetsch, Hagen"]
[Black "Tazbir, Marcin"]
[Result "1/2-1/2"]
[WhiteElo "2510"]
[BlackElo "2529"]
[PlyCount "61"]
[EventDate "2019.??.??"]

1. e4 e6 2. d4 d5 3. Nc3 dxe4 4. Nxe4 Bd7 5. Nf3 Bc6 6. Bd3 Nd7 7. Bf4 Be7 8.
Qe2 Ngf6 9. Nxf6+ Bxf6 10. O-O-O Bxf3 11. Qxf3 c6 12. c3 Bg5 13. h4 Bxf4+ 14.
Qxf4 Nf6 15. Rh3 Nd5 16. Qg5 g6 17. Qe5 Qf6 18. Rf3 Qxe5 19. dxe5 h5 20. Be4
Nb6 21. Rfd3 Ke7 22. Kc2 Rac8 23. f4 Rc7 24. b3 Nd5 25. g3 Rd8 26. Kb2 Rcd7 27.
c4 Ne3 28. Rxd7+ Rxd7 29. Re1 Nf5 30. Bxf5 gxf5 31. Kc3 1/2-1/2

[Event "2BLS 1819 SC Heusenstamm - SV Griesheim"]
[Site "?"]
[Date "2019.02.03"]
[Round "6.3"]
[White "Baskin, Robert"]
[Black "Polak, Tomas"]
[Result "1/2-1/2"]
[WhiteElo "2364"]
[BlackElo "2507"]
[PlyCount "69"]
[EventDate "2019.??.??"]

1. e4 c6 2. d4 d5 3. e5 Bf5 4. Nf3 e6 5. Be2 Nd7 6. O-O Bg6 7. Nbd2 Nh6 8. Nb3
Nf5 9. Bd2 h5 10. a4 Be7 11. a5 a6 12. c4 dxc4 13. Bxc4 h4 14. h3 Bh5 15. Qe2
Nf8 16. Rfd1 g5 17. Bc3 Ng6 18. Nc5 Nf4 19. Qe4 Qc7 20. Rd2 Nd5 21. Ne1 Rg8 22.
Ned3 g4 23. Qe2 Rg5 24. Bxd5 cxd5 25. Nf4 Bxc5 26. Nxh5 Rxh5 27. hxg4 Ng3 28.
fxg3 Rxe5 29. Qf3 Ba7 30. Qf6 Re3 31. Qh8+ Kd7 32. Qxa8 Bb8 33. Rf1 Ke8 34. Bb4
Qxg3 35. Qxb7 1/2-1/2

[Event "2BLS 1819 SC Heusenstamm - SV Griesheim"]
[Site "?"]
[Date "2019.02.03"]
[Round "6.4"]
[White "Wieczorek, Oskar"]
[Black "Spitzl, Vinzent"]
[Result "1-0"]
[WhiteElo "2492"]
[BlackElo "2277"]
[PlyCount "57"]
[EventDate "2019.??.??"]

1. e4 c6 2. d4 d5 3. e5 c5 4. dxc5 e6 5. a3 Nc6 6. b4 Nxe5 7. Bb2 Qc7 8. Nd2
Nf6 9. Ngf3 Nxf3+ 10. Nxf3 Be7 11. Bd3 Bd7 12. O-O O-O 13. Ne5 Rfd8 14. Qe2 a5
15. Bd4 Be8 16. c3 Nd7 17. f4 axb4 18. cxb4 Bf6 19. Qe3 Nb8 20. f5 Qe7 21. fxe6
fxe6 22. Qh3 h6 23. Rxf6 Qxf6 24. Nc6 e5 25. Nxd8 exd4 26. Rf1 Qe7 27. Qf5 g6
28. Qxd5+ Kh7 29. Bc4 1-0

[Event "2BLS 1819 SC Heusenstamm - SV Griesheim"]
[Site "?"]
[Date "2019.02.03"]
[Round "6.5"]
[White "Nothnagel, Marian Can"]
[Black "Klekowski, Maciej"]
[Result "1-0"]
[WhiteElo "2364"]
[BlackElo "2507"]
[PlyCount "65"]
[EventDate "2019.??.??"]

1. e4 c5 2. Nf3 e6 3. d3 Nc6 4. Nbd2 d5 5. g3 g6 6. Bg2 Bg7 7. O-O Nge7 8. Re1
b6 9. c3 Ba6 10. Qa4 Bb7 11. e5 Qd7 12. Qd1 Qc7 13. Qe2 g5 14. Nxg5 Qxe5 15.
Nde4 dxe4 16. Bf4 Qd5 17. dxe4 Qd7 18. Rad1 Qc8 19. Qh5 Ng6 20. Bh3 Bf6 21. Re3
Nce7 22. Nxe6 fxe6 23. Rd6 Kf7 24. e5 Bg7 25. Bg5 Nf5 26. Bxf5 exf5 27. e6+ Kg8
28. e7 Qc7 29. Rxg6 hxg6 30. Qxg6 Be4 31. Qe6+ Kh7 32. g4 Be5 33. Qf7+ 1-0

[Event "2BLS 1819 SC Heusenstamm - SV Griesheim"]
[Site "?"]
[Date "2019.02.03"]
[Round "6.6"]
[White "Barski, Radoslaw"]
[Black "Grimm, Julius"]
[Result "1-0"]
[WhiteElo "2458"]
[BlackElo "2314"]
[PlyCount "77"]
[EventDate "2019.??.??"]

1. e4 c6 2. d4 d5 3. e5 Bf5 4. h4 h5 5. Bd3 Bxd3 6. Qxd3 Qa5+ 7. Nd2 e6 8. Ngf3
Qa6 9. c4 Ne7 10. b3 Nf5 11. O-O Be7 12. a4 Nxh4 13. Nxh4 Bxh4 14. Ba3 Qb6 15.
Nf3 Be7 16. Bxe7 Kxe7 17. cxd5 cxd5 18. b4 Nd7 19. a5 Qd8 20. b5 Kf8 21. Rfc1
g6 22. Qa3+ Kg7 23. Qd6 Rc8 24. Rxc8 Qxc8 25. Qa3 Nb8 26. Qe7 Re8 27. Qf6+ Kg8
28. Qg5 Kg7 29. Rc1 Qd7 30. Qf6+ Kg8 31. Ng5 Rf8 32. g4 Qxb5 33. Rc8 Qd7 34.
Rxf8+ Kxf8 35. Qh8+ Ke7 36. Qxb8 hxg4 37. Nh7 Qc6 38. Qf8+ Kd7 39. Nf6+ 1-0

[Event "2BLS 1819 SC Heusenstamm - SV Griesheim"]
[Site "?"]
[Date "2019.02.03"]
[Round "6.7"]
[White "Koehler, Ronald"]
[Black "Weichhold, Pawel"]
[Result "0-1"]
[WhiteElo "2263"]
[BlackElo "2424"]
[PlyCount "80"]
[EventDate "2019.??.??"]

1. d4 Nf6 2. c4 g6 3. Nc3 Bg7 4. e4 d6 5. f4 O-O 6. Nf3 Na6 7. Be2 Bg4 8. O-O
e5 9. dxe5 Bxf3 10. exf6 Bxe2 11. Qxe2 Qxf6 12. f5 Rfe8 13. fxg6 Qxg6 14. Rf4
Kh8 15. Qf3 Nc5 16. Bd2 c6 17. Rf1 Nd7 18. Qh3 Ne5 19. b3 Re6 20. Rh4 Bf6 21.
Rh5 Qg7 22. Rhf5 Rg8 23. Ne2 Bd8 24. Nf4 Rf6 25. Rh5 Bb6+ 26. Kh1 Bd4 27. g3
Ng4 28. Nd3 Qg6 29. Rhf5 Rxf5 30. exf5 Qf6 31. Qh5 Be3 32. Bxe3 Nxe3 33. Re1
Nxf5 34. Nf4 Rxg3 35. Re8+ Rg8 36. Rxg8+ Kxg8 37. Qe2 Kf8 38. Nh5 Qe5 39. Qf3
Qe1+ 40. Kg2 Nh4+ 0-1

[Event "2BLS 1819 SC Heusenstamm - SV Griesheim"]
[Site "?"]
[Date "2019.02.03"]
[Round "6.8"]
[White "Klundt, Klaus"]
[Black "Braun, Vitali"]
[Result "0-1"]
[WhiteElo "2309"]
[BlackElo "2380"]
[PlyCount "72"]
[EventDate "2019.??.??"]

1. e4 e6 2. d4 d5 3. Nd2 Nc6 4. Ngf3 Nf6 5. e5 Nd7 6. Be2 f6 7. exf6 Qxf6 8.
Nf1 Bd6 9. Ne3 O-O 10. O-O Kh8 11. c4 dxc4 12. Nxc4 Nb6 13. Bg5 Qg6 14. Nxd6
cxd6 15. Bh4 Nd5 16. Bg3 Nf4 17. Bb5 Bd7 18. Re1 Qh5 19. Bf1 Ne7 20. Re4 Ned5
21. Qd2 Qf5 22. Rae1 Bc6 23. Nh4 Qf6 24. Bc4 g5 25. Nf3 Nxg2 26. Nxg5 Nxe1 27.
Rxe1 Nf4 28. h4 Rae8 29. Bxf4 Qxf4 30. Qxf4 Rxf4 31. Rxe6 Rxe6 32. Nxe6 Rxh4
33. f4 Bd7 34. f5 Bxe6 35. Bxe6 Rxd4 36. Kf2 Kg7 0-1

[Event "2BLS 1819 OSG Baden-Baden II - SV Jedes"]
[Site "?"]
[Date "2019.02.03"]
[Round "6.1"]
[White "Krassowizkij, Jaroslaw"]
[Black "Gledura, Benjamin"]
[Result "1/2-1/2"]
[WhiteElo "2474"]
[BlackElo "2615"]
[PlyCount "49"]
[EventDate "2019.??.??"]

1. d4 d5 2. Bf4 Nf6 3. e3 c5 4. c3 Nc6 5. Nd2 Bf5 6. Ngf3 e6 7. Qb3 Qc8 8. Nh4
Be4 9. Nxe4 Nxe4 10. Nf3 Be7 11. h3 O-O 12. Be2 c4 13. Qc2 b5 14. O-O f5 15.
Nd2 Bd6 16. Nxe4 Bxf4 17. exf4 fxe4 18. f3 Rxf4 19. g3 Rf7 20. fxe4 Qc7 21. Bg4
Qxg3+ 22. Qg2 Qxg2+ 23. Kxg2 Re7 24. Rae1 dxe4 25. Rxe4 1/2-1/2

[Event "2BLS 1819 OSG Baden-Baden II - SV Jedes"]
[Site "?"]
[Date "2019.02.03"]
[Round "6.2"]
[White "Gozzoli, Yannick"]
[Black "Pikula, Dejan"]
[Result "1-0"]
[WhiteElo "2630"]
[BlackElo "2471"]
[PlyCount "119"]
[EventDate "2019.??.??"]

1. d4 Nf6 2. c4 e6 3. Nf3 c5 4. d5 exd5 5. cxd5 d6 6. Nc3 g6 7. g3 Bg7 8. Bg2
O-O 9. O-O a6 10. a4 Re8 11. Re1 Nbd7 12. Bf4 Nh5 13. Bg5 Qc7 14. Qc1 Rb8 15.
Bh6 Bh8 16. a5 b5 17. axb6 Nxb6 18. b3 Nf6 19. Nd2 Bb7 20. e4 Ng4 21. Bf4 Bd4
22. Rf1 Qe7 23. Nf3 Bxc3 24. Qxc3 Qxe4 25. Bxd6 Nxd5 26. Qb2 Rbc8 27. Rae1 Qb4
28. Rxe8+ Rxe8 29. Rc1 Rc8 30. Ne5 Ngf6 31. Nc4 Re8 32. h3 Re1+ 33. Kh2 Nd7 34.
Rxe1 Qxe1 35. Ne5 N7f6 36. Bxc5 Bc8 37. Bd4 Bf5 38. g4 Be4 39. f3 Bb1 40. Nc4
Nd7 41. Bf2 Qd1 42. Ne3 Nxe3 43. Bxe3 Qd6+ 44. Kg1 Qd1+ 45. Kf2 Qc2+ 46. Qxc2
Bxc2 47. b4 Ne5 48. Bd2 Nc4 49. Bc3 Bd3 50. f4 f5 51. Bb7 Nd6 52. Bd5+ Kf8 53.
Be5 Nc4 54. Bd4 fxg4 55. hxg4 h5 56. f5 gxf5 57. gxh5 f4 58. Kf3 a5 59. Bxc4
Bxc4 60. bxa5 1-0

[Event "2BLS 1819 OSG Baden-Baden II - SV Jedes"]
[Site "?"]
[Date "2019.02.03"]
[Round "6.3"]
[White "Anistratov, Dmitriy"]
[Black "Martin, Julian"]
[Result "1-0"]
[WhiteElo "2284"]
[BlackElo "2383"]
[PlyCount "64"]
[EventDate "2019.??.??"]

1. d4 Nf6 2. Bf4 d6 3. Nf3 Nbd7 4. Nc3 c5 5. e3 Nh5 6. Bc4 Nxf4 7. exf4 e6 8.
d5 Nb6 9. Bb5+ Bd7 10. dxe6 fxe6 11. Qe2 Bxb5 12. Nxb5 Qd7 13. O-O-O a6 14. Nc3
O-O-O 15. Ng5 Re8 16. Rhe1 d5 17. Nxe6 g6 18. Nxf8 Rhxf8 19. Qf3 d4 20. Ne4 Qc7
21. g3 Kb8 22. Ng5 Nc4 23. Qd3 b5 24. Ne6 Qa5 25. Kb1 Rf7 26. g4 Rxf4 27. Qg3
g5 28. Nxf4 Nd2+ 29. Kc1 Ne4 30. Rxe4 Rxe4 31. Nd3+ Kc8 32. Ne5 Rf4 1-0

[Event "2BLS 1819 OSG Baden-Baden II - SV Jedes"]
[Site "?"]
[Date "2019.02.03"]
[Round "6.4"]
[White "Halkias, Stelios"]
[Black "Trussevich, Sergey"]
[Result "1-0"]
[WhiteElo "2549"]
[BlackElo "2287"]
[PlyCount "103"]
[EventDate "2019.??.??"]

1. Nf3 c5 2. c4 e6 3. g3 b6 4. Bg2 Bb7 5. O-O Nf6 6. Nc3 Be7 7. d4 cxd4 8. Qxd4
d6 9. Bg5 a6 10. Bxf6 Bxf6 11. Qf4 Ra7 12. Rfd1 Be7 13. Ne4 Bxe4 14. Qxe4 O-O
15. Nd4 Qc8 16. b3 Qc5 17. Rac1 Rc7 18. Rc2 Rfc8 19. Bh3 Qh5 20. Bg4 Qg6 21.
Qxg6 hxg6 22. Nxe6 fxe6 23. Bxe6+ Kf8 24. Bxc8 Rxc8 25. h4 Nd7 26. Rcc1 g5 27.
hxg5 Bxg5 28. f4 Be7 29. Kg2 Kf7 30. Kf3 Ke6 31. Rh1 a5 32. Rh5 Nc5 33. g4 Rf8
34. Rch1 Ra8 35. Rh8 Bf8 36. R1h7 Kf7 37. Rh5 Nd7 38. Rf5+ Ke6 39. e4 a4 40. g5
axb3 41. axb3 Rd8 42. Rd5 Rb8 43. Kg4 Rb7 44. Rf5 Ke7 45. Kh5 Rb8 46. Kg6 Re8
47. Rf7+ Kd8 48. Kf5 Kc8 49. Rxg7 Kd8 50. Rgg8 Ke7 51. g6 Nf6 52. Rxf8 1-0

[Event "2BLS 1819 OSG Baden-Baden II - SV Jedes"]
[Site "?"]
[Date "2019.02.03"]
[Round "6.5"]
[White "Roemer, Ulrich"]
[Black "Riff, Jean-Noel"]
[Result "0-1"]
[WhiteElo "2194"]
[BlackElo "2488"]
[PlyCount "110"]
[EventDate "2019.??.??"]

1. d4 Nf6 2. Nf3 e6 3. e3 c5 4. Bd3 d5 5. b3 Nc6 6. O-O Bd6 7. Bb2 O-O 8. c4
cxd4 9. exd4 b6 10. Nc3 dxc4 11. bxc4 Bb7 12. Re1 Rc8 13. d5 Nb4 14. Bf1 exd5
15. a3 Na6 16. Nxd5 Nxd5 17. cxd5 Nc5 18. Bc4 Re8 19. Rxe8+ Qxe8 20. Qd4 f6 21.
Re1 Qh5 22. Bc1 Re8 23. Rxe8+ Qxe8 24. Bf4 Ne4 25. Bd3 Bxf4 26. Bxe4 Bd6 27. a4
Qc8 28. g3 Qc5 29. Qd3 f5 30. Bxf5 Qxd5 31. Qxd5+ Bxd5 32. Nd4 Kf7 33. Nb5 Bb8
34. Bc2 a6 35. Nc3 Bc6 36. Kf1 Be5 37. Ne4 h6 38. Ke2 Ke6 39. f4 Bd4 40. Bb3+
Kf5 41. Nf2 Bxf2 42. Kxf2 Ke4 43. Ke2 Bd7 44. Bc2+ Kd4 45. Kd2 a5 46. h4 b5 47.
axb5 Bxb5 48. g4 a4 49. g5 a3 50. Bb1 Bd3 51. Ba2 h5 52. Bb3 Bc4 53. Bxc4 Kxc4
54. Kc2 Kd4 55. f5 Ke5 0-1

[Event "2BLS 1819 OSG Baden-Baden II - SV Jedes"]
[Site "?"]
[Date "2019.02.03"]
[Round "6.6"]
[White "Bellahcene, Bilel"]
[Black "Stiepan, Hans-Michael"]
[Result "1-0"]
[WhiteElo "2557"]
[BlackElo "2124"]
[PlyCount "35"]
[EventDate "2019.??.??"]

1. e4 e6 2. d4 d5 3. Nc3 Bb4 4. e5 c5 5. a3 Bxc3+ 6. bxc3 Ne7 7. h4 Qc7 8. h5
h6 9. Rh3 Bd7 10. a4 Nbc6 11. Nf3 cxd4 12. cxd4 Nb4 13. Kd2 Rc8 14. Ne1 Nxc2
15. Qxc2 Qa5+ 16. Rc3 Nc6 17. Nf3 O-O 18. Ba3 1-0

[Event "2BLS 1819 OSG Baden-Baden II - SV Jedes"]
[Site "?"]
[Date "2019.02.03"]
[Round "6.7"]
[White "Engelhart, Achim"]
[Black "Schmaltz, Roland"]
[Result "0-1"]
[WhiteElo "2114"]
[BlackElo "2451"]
[PlyCount "110"]
[EventDate "2019.??.??"]

1. e4 d6 2. d4 Nf6 3. Nc3 g6 4. f4 Bg7 5. Nf3 O-O 6. e5 dxe5 7. fxe5 Nd5 8. Bc4
Be6 9. Nxd5 Bxd5 10. Bxd5 Qxd5 11. Qe2 b5 12. O-O Nc6 13. c3 a6 14. Bf4 Nd8 15.
b3 Ne6 16. Be3 c5 17. Rac1 cxd4 18. cxd4 Rac8 19. Rc2 f6 20. Rfc1 Ra8 21. exf6
exf6 22. Qd3 f5 23. h3 Rfd8 24. Rd1 Rd6 25. Kf1 Bf6 26. Kg1 Rad8 27. Rcd2 g5
28. Qe2 Qe4 29. Qd3 Qxd3 30. Rxd3 Nc5 31. Rc3 Ne4 32. Rc7 h5 33. h4 g4 34. Ng5
Nxg5 35. hxg5 Bxd4 36. Bxd4 Rxd4 37. Rxd4 Rxd4 38. Kf2 f4 39. Ke2 Re4+ 40. Kf2
Re6 41. Ra7 Rc6 42. a4 bxa4 43. bxa4 h4 44. a5 Rc2+ 45. Kf1 h3 46. gxh3 g3 47.
Ra8+ Kg7 48. Ra7+ Kg6 49. Rxa6+ Kxg5 50. Ra8 f3 51. Rg8+ Kf4 52. Rf8+ Ke4 53.
Re8+ Kd5 54. Rd8+ Ke6 55. Rd1 Rh2 0-1

[Event "2BLS 1819 OSG Baden-Baden II - SV Jedes"]
[Site "?"]
[Date "2019.02.03"]
[Round "6.8"]
[White "Kachiani-Gersinska, Ketino"]
[Black "Bacquele, Fabrice"]
[Result "1/2-1/2"]
[WhiteElo "2314"]
[BlackElo "2002"]
[PlyCount "91"]
[EventDate "2019.??.??"]

1. Nf3 d5 2. g3 Nf6 3. Bg2 c6 4. O-O Bf5 5. c4 e6 6. cxd5 exd5 7. d3 Be7 8. Be3
O-O 9. Qb3 Qc8 10. Rc1 Re8 11. Nc3 Na6 12. Bd4 Nc5 13. Qc2 Ne6 14. Be3 h6 15.
Qd2 Qd8 16. Nd4 Nxd4 17. Bxd4 Qd7 18. Rab1 Bh3 19. Bh1 Qf5 20. Qf4 Qxf4 21.
gxf4 Nh5 22. e3 g5 23. Bf3 Ng7 24. fxg5 Bxg5 25. Bxg7 Kxg7 26. d4 Rad8 27. b4
Rd6 28. Ne2 Bf5 29. Rb3 a6 30. Ng3 Bg6 31. Rbc3 Rdd8 32. Bg4 Be7 33. a3 a5 34.
bxa5 Ra8 35. Rb3 Reb8 36. Nf5+ Bxf5 37. Bxf5 Rxa5 38. Rxc6 bxc6 39. Rxb8 Rxa3
40. Rb7 Kf6 41. Bd7 c5 42. dxc5 Bxc5 43. Rc7 Bd6 44. Rc6 Ke7 45. Bg4 Ra4 46. h3
1/2-1/2

[Event "2BLS 1819 SC Emmendingen - TSV Schönai"]
[Site "?"]
[Date "2019.02.03"]
[Round "6.1"]
[White "Hirneise, Tobias"]
[Black "Sethuraman, S.P."]
[Result "0-1"]
[WhiteElo "2460"]
[BlackElo "2665"]
[PlyCount "72"]
[EventDate "2019.??.??"]

1. d4 Nf6 2. c4 c5 3. d5 b5 4. Qc2 bxc4 5. e4 d6 6. Bxc4 g6 7. Nc3 Bg7 8. Nf3
O-O 9. O-O Ba6 10. Bxa6 Nxa6 11. Re1 Qa5 12. Bg5 h6 13. Bh4 g5 14. e5 dxe5 15.
Bg3 e4 16. Nxe4 Nxd5 17. Nexg5 hxg5 18. Nxg5 Nf6 19. Rxe7 Rae8 20. Re5 Rxe5 21.
Bxe5 Re8 22. Bc3 Qb6 23. Rd1 Nb4 24. Qa4 Rd8 25. Re1 Qa6 26. Qxa6 Nxa6 27. a3
Nc7 28. Kf1 Ncd5 29. Be5 Nb6 30. Nf3 Nc4 31. Bc3 Nd5 32. Bxg7 Kxg7 33. Rc1 Nxb2
34. Rxc5 Nf4 35. Rc1 Rd3 36. Rb1 Rxa3 0-1

[Event "2BLS 1819 SC Emmendingen - TSV Schönai"]
[Site "?"]
[Date "2019.02.03"]
[Round "6.2"]
[White "Bauer, Christian"]
[Black "Hirneise, Jens"]
[Result "1-0"]
[WhiteElo "2637"]
[BlackElo "2373"]
[PlyCount "55"]
[EventDate "2019.??.??"]

1. e4 c5 2. Na3 Nc6 3. Bb5 e5 4. Nf3 Nge7 5. Bc4 Ng6 6. h4 Be7 7. d3 Nf8 8. c3
Ne6 9. Nc2 d6 10. a3 h6 11. Ne3 O-O 12. g3 Nc7 13. Nh2 b5 14. Ba2 Be6 15. Qf3
Qd7 16. Nhg4 Bxa2 17. Rxa2 Qe6 18. Ra1 Na5 19. Nf5 Rfe8 20. Ngxh6+ gxh6 21.
Nxh6+ Kg7 22. Nf5+ Kg8 23. Bg5 Nc6 24. Qg4 Qg6 25. h5 Qxg5 26. Nxe7+ Rxe7 27.
Qxg5+ Kh7 28. Qf5+ 1-0

[Event "2BLS 1819 SC Emmendingen - TSV Schönai"]
[Site "?"]
[Date "2019.02.03"]
[Round "6.3"]
[White "Wenninger, Philipp"]
[Black "Rausis, Igors"]
[Result "0-1"]
[WhiteElo "2391"]
[BlackElo "2653"]
[PlyCount "66"]
[EventDate "2019.??.??"]

1. d4 Nf6 2. Nf3 e6 3. Bf4 d5 4. e3 c5 5. c3 Nc6 6. Nbd2 c4 7. Be2 b5 8. O-O
Be7 9. Ne5 Bb7 10. Bf3 O-O 11. a4 a6 12. b3 Nxe5 13. dxe5 Ne4 14. Bxe4 dxe4 15.
bxc4 Qd3 16. Nb3 bxc4 17. Nd4 Qxc3 18. Rc1 Qd3 19. Qg4 Kh8 20. Rfd1 Qa3 21.
Rxc4 Rfc8 22. Rxc8+ Rxc8 23. h4 Qxa4 24. h5 h6 25. Qe2 Bd5 26. Rb1 Qc4 27. Qd1
a5 28. Nb5 Qd3 29. Nd6 Qxd1+ 30. Rxd1 Ra8 31. Ra1 a4 32. Ra3 f6 33. exf6 gxf6
0-1